Normal view
MARC view
Entry Término cronológico
001 - NÚMERO DE CONTROL
- campo de control: 30098
003 - IDENTIFICADOR DEL NÚMERO DE CONTROL
- campo de control: FranzMayer
005 - FECHA Y HORA DE LA ÚLTIMA TRANSACCIÓN
- campo de control: 20260112102553.0
008 - DATOS DE LONGITUD FIJA
- campo de control de longitud fija: 260112|| aca||aabn | a|a d
040 ## - FUENTE DE LA CATALOGACIÓN
- Centro catalogador/agencia de origen: FranzMayer
- Centro/agencia transcriptor: FranzMayer
148 ## - ENCABEZAMIENTO--TÉRMINO CRONOLÓGICO
- Término cronológico: Período moderno (1867-1910)
670 ## - FUENTE DE DATOS ENCONTRADOS
- Cita de la fuente: Work cat.: (FranzMayer)11099: Castro, Casimiro, 1826-1889 ilustrador 30097, México y sus alrededores. Colección de vistas monumentales, paisajes y trajes del país / , 1869